000
00298nam a2200121Ia 4500
008
191201s2013 xx 000 0 und d
100
_a
KOEGELBUFORD, John F
245
0
_a
Multimedia Systems
250
_a
14th IMP
260
_c
2013
_b
Pearson Education
_a
NEW DELHI
300
_a
463
942
_2
ddc
_c
BK
999
_c
7970
_d
7970